000 00659nam a2200217Ia 4500
003 OSt
005 20221007083238.0
006 a|||||r|||| 00| 0
007 ta
008 221006b |||||||| |||| 00| 0 eng d
024 _a38,423
037 _cTheseses
040 _aFLL
_cFLL
_beng
041 _2eng
_aeng
100 _aAli Mohammad
_9256496
245 0 _aLiability to carriers for loss or damage to cargo in international carriage by sea
_b A comparative study between Iran and India with special reference to current developments
260 _c2003
300 _ad.p
_ccm.
942 _cDIS
_2CC
999 _c1169366
_d1169366